00501nam a2200133Ia 4500003000900000008004100009040001600050080002200066110003800088245011800126260005500244300002000299650004800319IN-BaIIA211028s9999 xx 000 0 eng d cIIA Library a047:331.2bAIRF-2 aAll India Railwaymen's Federation 0aReports of the fifth central pay commissionbvol. 2cAll India Railwaymen's Federation  aNew DelhibAll India Railwaymen's Federationc1997 aiii, 711-1528p. aPay commission-report, fifth pay commission